Match the London gang to their area - Statistics

General Stats
  • This quiz has been taken 38 times
  • The average score is 8 of 15
Answer Stats
Question Answer % Correct
OTP/TPL Turnpike Lane
75%
WGM Wood Green
75%
1011 Ladbroke Grove
69%
GTS/9MK Kilburn
63%
NPK Northumberland Park
63%
OFB Tottenham (Broadwater Farm/Tangy Estate)
63%
7th Beckton
56%
OJB Clapham Junction
56%
12Anti/12World Shepherds Bush
56%
Active Gxng Camden
50%
LTH Tulse Hill
50%
GAS gang Brixton
44%
Get Money Gang (GMG) Enfield
31%
Trust No One (TN1) Tulse Hill
25%
51st Camden
19%
No matching quizzes found
Score Distribution
Percent of People with Each Score
Percentile by Number Answered
Your Score History
You have not taken this quiz